Problemas resueltos de eletrónica digital

Uloženo v:
Podrobná bibliografie
Hlavní autor: García Zubía, Javier (Autor)
Médium: Kniha
Jazyk:španělština
Vydáno: Madrid Paraninfo 2003
Edice:Paso a Paso
Témata:
Tagy: Přidat tag
Žádné tagy, Buďte první, kdo vytvoří štítek k tomuto záznamu!

MARC

LEADER 00000nam a2200000 a 4500
001 UCL9434
003 CL-VaPUC
008 040806e20030000SP |||||||||||||||||spa|d
020 |a 8497321952 
082 0 4 |a 621.381  |b GAR  |2 21 
100 |a García Zubía, Javier  |e author  |9 487404 
245 1 0 |a Problemas resueltos de eletrónica digital 
300 |a 332 p 
942 |c BK 
945 |d 20040806 00:00:00  |a cmena 
260 |a Madrid  |b Paraninfo  |c 2003 
650 0 |a Electrónica digital   |9 263160 
650 0 |a Circuitos electrónicos  |9 260204 
650 7 |a INTELIGENCIA ARTIFICIAL  |2 CL-VaPUC  |9 487275 
583 |a last modification  |c 20040806 00:00:00  |k Rodrigo Vera 
490 0 |a Paso a Paso 
999 |c 310227  |d 310225 
952 |0 0  |1 0  |2 ddc  |4 0  |6 621_381000000000000_GAR_2003  |7 0  |8 A  |9 378495  |a BIBING  |b BIBING  |c RES  |d 2019-11-21  |i 4047508  |o 621.381 GAR 2003  |p 4047508  |r 2025-01-20  |w 2019-11-21  |y BK  |k EIE